Statistics for Name the Colour, Not the Word (Hard)

Click here to take the quiz!

General Stats

  • This quiz has been taken 31 times
  • The average score is 39 of 40

Answers on the Map

Answers color-coded by a green-red scale on the quiz's map according to % correct below.
 

Answer Stats

Answer% Correct
b/5
100%
b/5
100%
b/5
100%
b/5
100%
g/4
100%
o/2
100%
o/2
100%
o/2
100%
p/6
100%
p/6
100%
r/1
100%
r/1
100%
y/3
100%
b/5
96%
o/2
96%
p/6
96%
w/7
96%
y/3
96%
y/3
96%
b/5
95%
b/5
95%
g/4
95%
g/4
95%
g/4
95%
g/4
95%
g/4
95%
o/2
95%
o/2
95%
o/2
95%
p/6
95%
p/6
95%
p/6
95%
r/1
95%
r/1
95%
r/1
95%
r/1
95%
w/7
95%
w/7
95%
w/7
95%
w/7
95%
w/7
95%
y/3
95%
y/3
95%
y/3
95%
g/4
94%
p/6
94%
r/1
94%
w/7
94%
y/3
94%

Score Distribution

Percentile by Number Answered

Percent of People with Each Score

Your Score History

You have not taken this quiz